<?xml version="1.0" encoding="UTF-8"?>
<record
    xmlns:xsi="http://www.w3.org/2001/XMLSchema-instance"
    xsi:schemaLocation="http://www.loc.gov/MARC21/slim http://www.loc.gov/standards/marcxml/schema/MARC21slim.xsd"
    xmlns="http://www.loc.gov/MARC21/slim">

  <leader>01081nam a22002297a 4500</leader>
  <controlfield tag="005">20110228163345.0</controlfield>
  <controlfield tag="008">110228t        xxu||||| |||| 00| 0mar d</controlfield>
  <datafield tag="010" ind1=" " ind2=" ">
    <subfield code="a">MAR-20634</subfield>
  </datafield>
  <datafield tag="020" ind1=" " ind2=" ">
    <subfield code="a">9788191059014</subfield>
    <subfield code="c">200.00</subfield>
  </datafield>
  <datafield tag="035" ind1=" " ind2=" ">
    <subfield code="a">MR-13292</subfield>
  </datafield>
  <datafield tag="037" ind1=" " ind2=" ">
    <subfield code="b">DBAD / PUB</subfield>
  </datafield>
  <datafield tag="040" ind1=" " ind2=" ">
    <subfield code="a">DPL</subfield>
    <subfield code="b">MR</subfield>
  </datafield>
  <datafield tag="082" ind1=" " ind2=" ">
    <subfield code="a">891.4608</subfield>
  </datafield>
  <datafield tag="100" ind1=" " ind2=" ">
    <subfield code="a">&#x928;&#x940;&#x930;&#x91C;&#x93E; </subfield>
    <subfield code="9">26299</subfield>
  </datafield>
  <datafield tag="245" ind1=" " ind2=" ">
    <subfield code="a">&#x91A;&#x93F;&#x902;&#x924;&#x928;-&#x936;&#x932;&#x93E;&#x915;&#x93E; /</subfield>
    <subfield code="c">&#x928;&#x940;&#x930;&#x91C;&#x93E; </subfield>
  </datafield>
  <datafield tag="246" ind1=" " ind2=" ">
    <subfield code="a">Chintan-Shalaka</subfield>
    <subfield code="b">by Neerja</subfield>
  </datafield>
  <datafield tag="260" ind1=" " ind2=" ">
    <subfield code="a">&#x92E;&#x941;&#x902;&#x92C;&#x908; </subfield>
    <subfield code="b"> &#x921;&#x93F;&#x902;&#x92A;&#x932; &#x92A;&#x92C;&#x94D;&#x932;&#x93F;&#x915;&#x947;&#x936;&#x928; </subfield>
    <subfield code="c">2010</subfield>
  </datafield>
  <datafield tag="270" ind1=" " ind2=" ">
    <subfield code="a">104,&#x935;&#x93E;&#x92F;&#x915;&#x93F;&#x915;&#x940; &#x905;&#x930;&#x92A;&#x93E;&#x930;&#x94D;&#x91F;&#x92E;&#x947;&#x902;&#x91F;,&#x906;&#x928;&#x902;&#x926; &#x928;&#x917;&#x930;,&#x928;&#x935;&#x918;&#x930;,&#x935;&#x938;&#x908; &#x930;&#x94B;&#x921; &#x938;&#x94D;&#x91F;&#x947;&#x936;&#x928; (&#x92A;.&#x930;&#x947;&#x932;&#x94D;&#x935;&#x947;),&#x91C;&#x93F;.&#x920;&#x93E;&#x923;&#x947;</subfield>
    <subfield code="b">&#x92E;&#x941;&#x902;&#x92C;&#x908; </subfield>
    <subfield code="e">401202</subfield>
  </datafield>
  <datafield tag="300" ind1=" " ind2=" ">
    <subfield code="a">&#x928;&#x90A;,192&#x92A;&#x943;</subfield>
    <subfield code="b">21 &#x938;&#x947;&#x92E;&#x940; (&#x905;&#x91C;&#x93F;&#x932;&#x94D;&#x926;)</subfield>
  </datafield>
  <datafield tag="942" ind1=" " ind2=" ">
    <subfield code="2">ddc</subfield>
    <subfield code="c">MR</subfield>
    <subfield code="h">891.4608</subfield>
    <subfield code="m">&#x928;&#x940;&#x930;&#x91C;&#x93E;</subfield>
  </datafield>
  <datafield tag="999" ind1=" " ind2=" ">
    <subfield code="c">50809</subfield>
    <subfield code="d">50809</subfield>
  </datafield>
  <datafield tag="952" ind1=" " ind2=" ">
    <subfield code="0">0</subfield>
    <subfield code="1">0</subfield>
    <subfield code="2">ddc</subfield>
    <subfield code="4">0</subfield>
    <subfield code="7">1</subfield>
    <subfield code="8">NFIC</subfield>
    <subfield code="a">DBAD</subfield>
    <subfield code="b">DBAD</subfield>
    <subfield code="d">2011-02-28</subfield>
    <subfield code="e">DBAD / PUB</subfield>
    <subfield code="g">200.00</subfield>
    <subfield code="l">0</subfield>
    <subfield code="o">891.4608 &#x928;&#x940;&#x930;&#x91C;&#x93E;</subfield>
    <subfield code="p">MR-13292</subfield>
    <subfield code="r">2011-02-28 00:00:00</subfield>
    <subfield code="t">1</subfield>
    <subfield code="v">200.00</subfield>
    <subfield code="w">2011-02-28</subfield>
    <subfield code="y">MR</subfield>
  </datafield>
</record>
